The generous impostor : a comedy, as it is now performing at the Theatre-Royal, Drury-Lane.

Bibliographic Details
Main Author: O'Beirne, Thomas Lewis, 1748?-1823
Format: eBook
Language:English
Series:Eighteenth century collections online.
Online Access:Full text online

MARC

Tag First Indicator Second Indicator Subfields
LEADER 00000cam a2200000 4500
001 in00001925293
006 m | d |
007 cr |n||||||||n
008 800225s1781 enk|||| s 00||||eng d
005 20260407191428.4
035 |a (CStRLIN)ESTCT95358 
040 |a Uk-ES  |c Uk-ES  |d CStRLIN  |d Thomson Gale  |d UtOrBLW 
100 1 |a O'Beirne, Thomas Lewis,  |d 1748?-1823. 
245 1 4 |a The generous impostor :  |b a comedy, as it is now performing at the Theatre-Royal, Drury-Lane. 
264 3 |a London :  |b printed by W. Richardson; for J. Robson,  |c 1781. 
300 |a 8 unnumbered pages, 109, 3 unnumbered pages ;  |c 8⁰. 
336 |a text  |b txt  |2 rdacontent 
337 |a computer  |b c  |2 rdamedia 
338 |a online resource  |b cr  |2 rdacarrier 
500 |a Anonymous. By Thomas Lewis O'Beirne. 
500 |a Reproduction of original from the British Library. 
510 4 |a English Short Title Catalog,  |c ESTCT95358. 
533 |a Electronic reproduction.  |b Farmington Hills, Mich. :  |c Thomson Gale,  |d 2003.  |n Available via the World Wide Web.  |n Access limited by licensing agreements  |7 s2003 miunns 
500 |a Electronic resource. 
830 0 |a Eighteenth century collections online. 
856 4 0 |u http://proxy.library.tamu.edu/login?url=https://galenet.galegroup.com/servlet/ECCO?c=1&stp=Author&ste=11&af=BN&ae=T095358&tiPG=1&dd=0&dc=flc&docNum=CW109748734&vrsn=1.0&srchtp=a&d4=0.33&n=10&SU=0LRK&locID=txshracd2898  |z Full text online  |t 0 
999 |a MARS 
999 f f |s 6b048637-b7e3-3ea1-80c4-22c8ef4d7eeb  |i 3f3804a6-cba3-3f7c-bf89-d567b8471cd5  |t 0 
952 f f |a Texas A&M University  |b College Station  |c Electronic Resources  |s www_evans  |d Available Online  |t 0  |h No information provided 
998 f f |t 0  |l Available Online